| 000 -LEADER |
| fixed length control field |
00955nam a22001097a 4500 |
| 008 - FIXED-LENGTH DATA ELEMENTS--GENERAL INFORMATION |
| fixed length control field |
170102b xxu||||| |||| 00| 0 eng d |
| 100 ## - MAIN ENTRY--AUTHOR'S NAME |
| Author's Name |
Trepel, Scott |
| 245 ## - TITLE STATEMENT |
| Title |
Rarity revealed |
| Remainder of title |
the Benjamin K. Miller Collection |
| 260 ## - PUBLICATION, DISTRIBUTION, ETC. (IMPRINT) |
| Place of publication, distribution, etc. |
Washington, DC |
| Name of publisher, distributor, etc. |
Smithsonian National Postal Museum ; [New York] : The New York Public Library, |
| Date of publication, distribution, etc. |
2006 |
| 650 ## - TOPICAL TERM (Tag) |
| Topical term or geographic name |
United States | Famous Stamps and Collections | Rare Issues and Covers | Errors and Varieties | Collections | Miller, Benjamin K., Jr. 1857-1928. | Exhibitions -- Catalogs and Publications | Philately -- History | Theft | Stamps -- Histories | 19th Century | 20th Century | Production | Grills | One cent Z Grill -- 1868 | 1 cent Z Grill -- 1868 | Classic Issues | Definitive Issues | Bank Note Issues | Reissues and Reprints | Essays and Proofs | Plate Blocks and Numbers | Carrier Issues | Air Mail | 1918 | Covers | Commemorative Issues | Coils | Institutional Collections | Collectors |
| 700 ## - SECONDARY AUTHOR, EDITOR OR ILLUSTRATOR |
| Personal Name |
Lawrence, Ken |